Communicate and win, win, win [

Bibliographic Details
Format: Book
Published: Chicago : jack Wilson and Associates , n.d
Subjects:

MARC

LEADER 00000cam a2200000 7i4500
001 0000023220
005 20110719.0
040 |a INS 
090 0 0 |a HD 30.3 
245 0 0 |a Communicate and win, win, win [  |h video disc] 
260 |a Chicago :   |b jack Wilson and Associates ,   |c n.d 
300 |a 1 videodisc (47 min.) :   |b sd., col. ;   |c 4 3/4 in. 
505 1 |a Also available in VSh format : VHS 1073 
520
650 0 0 |a Business communication 
650 0 0 |a Communication in management 
650 0 0 |a Communication   |x Social aspects 
999 |a VCD0000770   |b VIDEO CD   |c Media Collection   |e Default branch